The experiment on using stimulus with clones GT1, BD5 and PR107 at memot rubber plantation company ការពិសោធន៍ប្រើប្រាស់ថ្នាំរំញោចលើពូជGT1, BD5 និងPR107 នៅក្រុមហ៊ុនចំការកៅស៊ូមេមត់ (Record no. 318)
[ view plain ]
| 000 -LEADER | |
|---|---|
| fixed length control field | 00663nam a22001577a 4500 |
| 003 - CONTROL NUMBER IDENTIFIER | |
| control field | OSt |
| 005 - DATE AND TIME OF LATEST TRANSACTION | |
| control field | 20150912152048.0 |
| 008 - FIXED-LENGTH DATA ELEMENTS--GENERAL INFORMATION | |
| fixed length control field | 150912b xxu||||| |||| 00| 0 eng d |
| 040 ## - CATALOGING SOURCE | |
| Transcribing agency | RUA |
| 082 ## - DEWEY DECIMAL CLASSIFICATION NUMBER | |
| Classification number | AGR HUN 1997 B018 Or.1 |
| 100 ## - MAIN ENTRY--PERSONAL NAME | |
| 9 (RLIN) | 340 |
| Personal name | HUN, MUNIN |
| 245 ## - TITLE STATEMENT | |
| Title | The experiment on using stimulus with clones GT1, BD5 and PR107 at memot rubber plantation company ការពិសោធន៍ប្រើប្រាស់ថ្នាំរំញោចលើពូជGT1, BD5 និងPR107 នៅក្រុមហ៊ុនចំការកៅស៊ូមេមត់ |
| 260 ## - PUBLICATION, DISTRIBUTION, ETC. (IMPRINT) | |
| Place of publication, distribution, etc. | Phnom Penh |
| Name of publisher, distributor, etc. | RUA |
| Date of publication, distribution, etc. | 1997 |
| 300 ## - PHYSICAL DESCRIPTION | |
| Extent | 99p. |
| Other physical details | ill. |
| Dimensions | 29cm. |
| 942 ## - ADDED ENTRY ELEMENTS (KOHA) | |
| Source of classification or shelving scheme | |
| Koha item type | AGR |
| Price effective from | Date last seen | Permanent Location | Not for loan | Date acquired | Source of classification or shelving scheme | Koha item type | Lost status | Withdrawn status | Date last checked out | Total Checkouts | Shelving location | Damaged status | Barcode | Current Location | Full call number |
|---|---|---|---|---|---|---|---|---|---|---|---|---|---|---|---|
| 2015-09-12 | 2015-09-12 | Library Block B | 2015-09-12 | AGR | B018 | RUA005282 | Library Block B | AGR HUN 1997 B018 Or.1 | |||||||
| 2015-09-12 | 2018-11-16 | Library Block B | 2015-09-12 | AGR | 2018-11-05 | 1 | B018 | RUA005210 | Library Block B | AGR HUN 1997 B018 Or.2 | |||||
| 2015-09-12 | 2015-09-12 | Library Block B | 2015-09-12 | AGR | B018 | RUA005209 | Library Block B | AGR HUN 1997 B018 Or.3 | |||||||
| 2015-09-12 | 2015-09-12 | Library Block B | 2015-09-12 | AGR | B018 | RUA005281 | Library Block B | AGR HUN 1997 B018 Or.4 | |||||||
| 2015-09-27 | 2015-09-27 | Library Block B | 2015-09-27 | AGR | B018 | RUA008879 | Library Block B | AGR HUN 1997 B018 Or.5 | |||||||
| 2015-09-27 | 2017-01-17 | Library Block B | 2015-09-27 | AGR | 2017-01-13 | 1 | B018 | RUA008951 | Library Block B | AGR HUN 1997 B018 Or.6 |